London Boroughs Ethnicity 1(2011) - Statistics

General Stats
  • This quiz has been taken 138 times
  • The average score is 19 of 25
Answer Stats
Hint Answer % Correct
2.9% Indian
91%
4.2% Black African
90%
3.5% Black African
90%
5.8% Black African
90%
4.8% Black African
90%
57.5% White British
82%
35.2% White British
82%
39.3% White British
82%
44.9% White British
82%
53.3% White British
82%
3.9% Black Caribbean
79%
4% Black Caribbean
79%
3.6% Chinese
75%
3.2% Pakistani
75%
21% Other White
69%
26.4% Other White
69%
30.3% Other White
69%
23.1% Other White
69%
18.1% Other White
69%
7.2% Arab
64%
4.1% Arab
64%
4.6% Other Asian
56%
4.8% Other Asian
56%
4% Other Asian
56%
3.1% Bangladeshi
50%
No matching quizzes found
Score Distribution
Percent of People with Each Score
Percentile by Number Answered
Your Score History
You have not taken this quiz